| 000 | 00531nam a22001697a 4500 | ||
|---|---|---|---|
| 003 | NUST | ||
| 038 | _aNusrat Nadeem | ||
| 082 | _a200 | ||
| 100 |
_aSaeed, Umer _918621 |
||
| 245 |
_aWavelet Quasilinearization Methods for Fractional Diļ¬erential Equations/ _cUmer Saeed |
||
| 264 |
_aIslamabad; _bSNS NUST; _c2015; |
||
| 300 |
_a266,p; _bill; _c30,cm. |
||
| 650 |
_aPhD-Mathematics _9123169 |
||
| 700 |
_aSupervisor:Dr Mujeeb-ur-Rehman _9123628 |
||
| 856 | _uhttp://10.250.8.41:8080/xmlui/handle/123456789/3835 | ||
| 942 |
_2ddc _cSC |
||
| 999 |
_c609822 _d609822 |
||